000
00288nam a22001457a 4500
003
SGT
020
_a
8175412003
082
_a
320.954
_b
LAL
100
_a
LAL AMRIT
245
_a
GOVERNANCE IN INDIA
250
_a
1
260
_a
DELHI
_b
SHIPRA
_c
2004
300
_a
206
942
_2
ddc
_c
BK
999
_c
25251
_d
25251